[Event "Bagneux op"]
[Site "Bagneux"]
[Date "1984.07.??"]
[Round "?"]
[White "Halasz, Tamas"]
[Black "Sax, Gyula"]
[Result "0-1"]
[WhiteElo "2350"]
[BlackElo "2575"]
[Annotator "Blatny,P"]
[PlyCount "98"]
[EventDate "1984.07.??"]
[EventType "swiss"]
[EventRounds "9"]
[EventCountry "FRA"]
[SourceTitle "EXT 2014"]
[Source "ChessBase"]
[SourceDate "2013.11.20"]
[SourceVersion "1"]
[SourceVersionDate "2013.11.20"]
[SourceQuality "1"]

1. e4 c5 2. c3 d5 3. exd5 Qxd5 4. d4 e6 5. Nf3 Nf6 6. Bd3 Be7 7. O-O O-O 8. c4
Qd8 9. dxc5 (9. Nc3 {--> Kaeser-Hort}) 9... Nbd7 (9... Na6 {--> Cejtlin-Lukin,
Luther-Vogt}) 10. Qe2 (10. c6 bxc6 11. Qe2 $14) 10... Nxc5 11. Bc2 (11. Rd1
Nxd3 12. Rxd3 Qa5 13. Ne5 Rd8 14. Rxd8+ Qxd8 15. Nc3 Bd7 16. Bg5 Be8 17. Rd1
Qa5 $10) 11... b6 (11... Bd7 12. b4 Na6 13. a3 $16) 12. Nc3 Ba6 (12... Bb7 13.
Bg5 Qc7 (13... Nfd7 14. Bxe7 Qxe7 15. b4 Na6 16. a3 $16) 14. Ne5 (14. Nb5 Qc6)
14... Rad8 15. Nb5 Qb8 16. Rad1 a6 17. Nc3 Qc7 18. Qe3 $14) 13. Ne5 Qc8 (13...
Qc7 14. Bf4) 14. Bg5 Ncd7 $1 15. Nxd7 (15. Bxh7+ Kxh7 16. Qd3+ Kg8 17. Nxd7
Bxc4 $19) 15... Qxd7 16. Rfd1 $6 (16. Rad1 $1 Qc7 17. b3 Rfd8 (17... Bb7 18.
Qd3 Rfd8 (18... Rad8 $2 19. Nd5 exd5 20. Bxf6 g6 21. Bb2 dxc4 22. Qc3 $16) (
18... g6 19. Qh3) 19. Qh3 h6 20. Bc1 $14) 18. Ne4 Nxe4 19. Qxe4 g6 20. Bf4 Qc5
21. Qf3 {/\Be4 +/=}) 16... Qc7 17. b3 Rfd8 18. Ne4 Nd5 19. Rac1 Nf4 20. Qf3 Ng6
21. Bxe7 Qxe7 22. Rxd8+ Rxd8 23. Rd1 f5 24. Nc3 Bb7 25. Rxd8+ Qxd8 26. Qxb7 Qd2
27. Bd3 Qxd3 28. Qf3 Qxf3 29. gxf3 Ne5 30. Nb5 Nc6 31. Kf1 g5 32. Ke2 Kf7 33.
Ke3 e5 34. a3 h5 35. b4 Ke7 36. Kd3 Kd7 37. c5 bxc5 38. bxc5 a6 39. Nd6 Nd4 40.
Kc4 Kc6 41. Nc8 Nxf3 42. Ne7+ Kd7 43. Nxf5 Nxh2 44. Kd5 Nf3 45. c6+ Kc7 46. Ng7
h4 47. Ne8+ Kd8 48. c7+ Kc8 49. Ke6 Nd2 {[INF] [Blatny]} 0-1

[Event "Belgrade GMA op"]
[Site "Belgrade"]
[Date "1988.??.??"]
[Round "?"]
[White "Tan, Chengxuan"]
[Black "Nikolic, Stanimir"]
[Result "1-0"]
[WhiteElo "2300"]
[BlackElo "2320"]
[Annotator "Blatny,P"]
[PlyCount "120"]
[EventDate "1988.12.??"]
[EventType "swiss"]
[EventRounds "9"]
[EventCountry "YUG"]
[SourceTitle "TD"]
[Source "ChessBase"]
[SourceDate "1994.03.01"]
[SourceVersion "1"]
[SourceVersionDate "1994.03.01"]
[SourceQuality "1"]

1. e4 c5 2. c3 d5 3. exd5 Qxd5 4. d4 Nc6 5. Nf3 Nf6 6. Be2 e6 7. O-O Be7 (7...
cxd4 8. cxd4 {--> Keys 451-457}) 8. c4 Qd8 (8... Qf5 {--> Sveshnikov-Sunye}) (
8... Qd7 {--> Aturupane-Boushaha}) 9. dxc5 Qxd1 (9... O-O 10. Nc3 Qa5 {-->
Lachex-Wolski} (10... Nd7 {--> Ristic-Sjoberg})) 10. Rxd1 Bxc5 (10... Ne4 {
--> Brynell-Petursson}) 11. Nc3 O-O (11... b6 {--> Trabert-Walte}) (11... Ng4 {
--> Trabert-Hazim}) 12. a3 (12. Bg5 {--> Schmittdiel-Tolnai}) 12... a5 (12...
Ng4 {--> Wets-Djouadi}) (12... b6 {--> Stein-Ostermeyer}) 13. Bg5 a4 14. Rd2 b6
15. Rad1 e5 16. Bxf6 gxf6 17. Ne4 Kg7 18. Ng3 Nd4 19. Nxd4 Bxd4 20. Bf3 Rb8 21.
Bc6 Be6 22. Bxa4 f5 23. Bb5 Rbc8 24. Kf1 Kf6 25. Ne2 Bc5 26. Bd7 Rc7 27. Bxe6
fxe6 28. Nc3 Be7 29. b3 e4 30. Nb5 Rb7 31. Rd7 Rfb8 32. Ke2 h5 33. g3 h4 34.
R1d2 e5 35. Nc7 Bxa3 36. b4 f4 37. R2d6+ Kf5 38. Rf7+ Kg4 39. Rh6 f3+ 40. Kf1
Rxc7 41. Rxh4+ Kg5 42. Rxc7 Rd8 43. Rxe4 Bxb4 44. Rxe5+ Kf6 45. Rd5 Ra8 46. Rd1
Bc5 47. Rcd7 Ra4 48. R7d3 Rxc4 49. Rxf3+ Ke5 50. h4 b5 51. h5 Rg4 52. Re1+ Kd6
53. Rf6+ Kd7 54. h6 Rg8 55. Rf7+ Kd6 56. h7 Rh8 57. g4 b4 58. g5 Bd4 59. Rd1
Ke6 60. g6 Bc3 1-0

[Event "Interzonal-16"]
[Site "Biel"]
[Date "1993.??.??"]
[Round "11"]
[White "Arencibia Rodriguez, Walter"]
[Black "Akopian, Vladimir Eduardovic"]
[Result "0-1"]
[WhiteElo "2485"]
[BlackElo "2600"]
[Annotator "Blatny,P"]
[PlyCount "50"]
[EventDate "1993.07.16"]
[EventType "swiss"]
[EventRounds "13"]
[EventCountry "SUI"]
[SourceTitle "CBM 037"]
[Source "ChessBase"]
[SourceDate "1993.12.01"]
[SourceVersion "1"]
[SourceVersionDate "1993.12.01"]
[SourceQuality "1"]

1. e4 {Horvath,T} c5 2. d3 Nc6 3. f4 d6 4. Nf3 g6 5. c3 (5. Nc3 $142 Bg7 6. g3
{/\Bg2,0-0 --> Closed Sicilian}) 5... Bg7 6. Be2 Nf6 7. Na3 (7. O-O {Horvath,T}
O-O 8. Qe1 Rb8 9. Qh4 {/\ f5; Bh6}) 7... O-O 8. O-O Rb8 9. Qe1 b5 10. Nc2 b4
$36 11. Bd2 bxc3 12. Bxc3 d5 13. e5 (13. Ne5 $1 {Horvath,T} Nxe5 14. Bxe5 Rb6
15. Bf3 $13) 13... Nh5 14. Qc1 f6 $1 15. d4 $6 (15. exf6 $142 Bxf6 (15... exf6
16. d4) (15... Nxf6 16. Ne5 $13) 16. Bxf6 Rxf6 17. g3 (17. Ne5 $2 Nxf4 $1)
17... Qb6 $15) 15... Nxf4 $3 16. Qxf4 fxe5 17. Qh4 exd4 18. Bd2 (18. Nfxd4 $2
Rxf1+ 19. Rxf1 cxd4 20. Nxd4 Qb6 $19) 18... e5 19. Bg5 (19. Qxd8 Rxd8 20. Bg5
Re8 21. Rab1 Bf5 $17 {3P>N}) 19... Qc7 20. Nd2 Bf5 21. Ne1 e4 22. Bf4 Be5 23.
Bxe5 Qxe5 24. Rb1 d3 25. Bg4 $2 (25. Bd1 Rxb2 26. Rxb2 Qxb2 27. Qg5 (27. Nb3 c4
$19) 27... c4 28. g4 c3 29. Nb3 (29. gxf5 Qxd2 30. Qxd2 cxd2 31. Ng2 Rxf5 32.
Rxf5 gxf5 33. Ne3 d4 34. Nxf5 e3 35. Kf1 Kf7 36. Bg4 Kf6 37. Nd6 Nb4 {/\Nc2,e2,
Ne3-+}) (29. Rxf5 Rxf5 30. gxf5 Qxd2 31. Qxd2 cxd2 32. Ng2 gxf5 $19 {_|_})
29... Qb1 $1 30. Nxd3 Qxd3 31. gxf5 Qxf1+ 32. Kxf1 Rxf5+ 33. Qxf5 gxf5 $19 {_|_
}) 25... Qd4+ (25... Qd4+ 26. Kh1 e3 $19) 0-1

[Event "Interzonal-16"]
[Site "Biel"]
[Date "1993.??.??"]
[Round "9"]
[White "Sveshnikov, Evgeny"]
[Black "Kortschnoj, Viktor Lvovich"]
[Result "1/2-1/2"]
[WhiteElo "2570"]
[BlackElo "2625"]
[Annotator "Blatny,P"]
[PlyCount "85"]
[EventDate "1993.07.16"]
[EventType "swiss"]
[EventRounds "13"]
[EventCountry "SUI"]
[SourceTitle "CBM 037"]
[Source "ChessBase"]
[SourceDate "1993.12.01"]
[SourceVersion "1"]
[SourceVersionDate "1993.12.01"]
[SourceQuality "1"]

1. e4 c5 2. c3 d5 3. exd5 Qxd5 4. Nf3 Nc6 5. d4 Nf6 6. Be2 e6 7. O-O cxd4 8.
cxd4 (8. Nxd4 $5 Bd7 $1 9. Bf3 Qa5 $13) 8... Be7 9. Nc3 Qd6 10. Nb5 Qd8 (10...
Qb8 $2 11. g3 $1 Nd5 12. Bc4 a6 13. Bxd5 axb5 14. Bf4 $16) 11. Bf4 Nd5 (11...
O-O 12. Bc7 Qd5 13. Ne5 Nxe5 14. dxe5 $14) 12. Bg3 O-O (12... a6 $5 13. Nc3
Nxc3 14. bxc3 b5 15. a4 b4 $132) 13. Bc4 a6 14. Bxd5 axb5 (14... exd5 15. Nc7
Rb8 16. Ne5 $14) 15. Be4 $5 (15. Bb3 Na5 {/\ Bd7-c6} (15... Bd6)) 15... Ra6 $6
(15... b4) (15... Ra5) 16. Qe2 $1 (16. Bd3 Ra5 $1 $10) 16... f5 (16... Nxd4 17.
Nxd4 Qxd4 18. Rfd1 Qb6 19. Bd3 Ra5 20. Qc2 $14) 17. Bd3 $6 (17. Bxc6 $142 bxc6
18. Bf4 $14) 17... Ra5 $6 (17... f4 $2 18. Qe4 fxg3 19. Qxh7+ Kf7 20. Qh5+ $18)
(17... Nb4 $5 18. Bxb5 f4 19. Bxf4 Rxf4 20. Bxa6 Nxa6 $5 (20... bxa6 21. Rac1
$13) 21. Rac1 Nc7 $13) 18. Rfd1 (18. Be5 Nxe5 19. dxe5 Bd7 $10) 18... Nb4 19.
Be5 Nxd3 20. Rxd3 Qd5 21. Ne1 $1 $36 Bd7 (21... Rxa2 22. Rxa2 Qxa2 23. Rg3 Rf7
24. Qxb5 $16) 22. Rg3 Rf7 (22... Bf6 23. Nd3 $16) 23. Nd3 $5 (23. b3 b4 {
/\ Bb5<=>}) 23... Rxa2 24. Rc1 $44 Ra6 $1 25. Nf4 Rc6 26. Qd2 (26. Rxc6 Qxc6
27. Rc3 Qa6 $1 {/\ b4}) 26... Rxc1+ 27. Qxc1 Qc4 $1 (27... Qa2 28. Nh5 g6 29.
h3 {/\ Rg6, Qh6+-}) (27... Qc6 28. Rc3 Qb6 29. Rc7 $16) 28. Rc3 Qa2 29. h3 Bc6
(29... h6 30. Nh5 $40 (30. b3 $44)) 30. Rxc6 $5 (30. b3 Bg5 $8) 30... bxc6 31.
Qxc6 h6 (31... Bf6 32. Bd6 $16) 32. Qxb5 (32. Qe8+ Bf8 33. Nxe6 Qa7 $1 34. Bxg7
Qe7 $1 $15) (32. Nxe6 Bf8 $13) 32... Bf6 33. Qe8+ Rf8 34. Qc6 Bxe5 35. dxe5
Qxb2 $1 36. Qxe6+ Kh7 37. Ng6 Qb1+ $1 38. Kh2 Rd8 $2 (38... Ra8 $142) 39. Qf7
Qc2 40. f4 $2 (40. f3 $5 Qe2 $1 (40... Rd2 41. Nf8+ Kh8 42. Qg6 Kg8 43. Ne6 $18
) (40... Qc8 41. e6 Qb8+ 42. f4 $16) 41. Qxf5 (41. e6 Rd2 42. Nf8+ Kh8 43. Qg6
Qe5+ $15) (41. f4 Qe4 $10) 41... Qd3 $10) (40. Nf4 $142 $1 Qe4 (40... Rg8 41.
e6) 41. Ne6 Qxe5+ (41... Rg8 42. Ng5+ $1) 42. f4 $18) 40... Qe4 41. e6 Rd2 42.
Nf8+ Kh8 43. Ng6+ 1/2-1/2

[Event "Brno"]
[Site "Brno"]
[Date "1993.??.??"]
[Round "7"]
[White "Blatny, Pavel"]
[Black "Boensch, Uwe"]
[Result "1-0"]
[WhiteElo "2510"]
[BlackElo "2525"]
[Annotator "Blatny,P"]
[PlyCount "79"]
[EventDate "1993.08.??"]
[EventType "tourn"]
[EventRounds "9"]
[EventCountry "CZE"]
[EventCategory "13"]
[SourceTitle "CBM 037"]
[Source "ChessBase"]
[SourceDate "1993.12.01"]
[SourceVersion "1"]
[SourceVersionDate "1993.12.01"]
[SourceQuality "1"]

1. e4 c5 2. c3 d5 3. exd5 Qxd5 4. d4 Nf6 5. Nf3 Nc6 6. dxc5 Qxc5 (6... Qxd1+ 7.
Kxd1 Bg4 8. Be3 O-O-O+ $44) 7. Na3 e5 8. Nb5 Qe7 9. b3 Bg4 $6 (9... a6 $142 10.
Ba3 Qd8 (10... Qd7 $4 11. Qxd7+ Bxd7 (11... Kxd7 12. Rd1+ Ke6 13. Nc7+ $18) 12.
Nc7+ Kd8 13. Bxf8 Kxc7 14. Bxg7 $18) 11. Qxd8+ $1 (11. Nd6+ Bxd6 12. Bxd6 Bg4
13. Be2 e4 $132) 11... Kxd8 12. O-O-O+ Bd7 13. Bxf8 Rxf8 14. Nd6 Kc7 15. Ng5 h6
16. Nge4 $1 (16. Ngxf7 $6 Be6 17. Bc4 Bxf7 18. Nxf7 $8 b5 $1 19. Be6 Rae8 $17 {
_|_}) 16... Nxe4 17. Nxe4 $14 {_|_ Blatny,P-Tolnai/Kecskemet/1992/}) 10. Ba3
Qd8 11. Bd6 $1 $146 Bxd6 $2 (11... Bxf3 $6 12. gxf3 Rc8 13. Bh3 $1 $18) (11...
Rc8 $142 12. Bxf8 (12. Bc4 $6 e4 $1 13. Ng5 Bxd1 14. Bxf7+ Kd7 15. Be6+ Ke8 16.
Bf7+ $10) 12... Kxf8 13. Be2 $14) 12. Qxd6 Qxd6 (12... Rc8 $2 13. Nxe5 Qb6 14.
Bc4 Nxe5 15. Qxe5+ {/\0-0+-}) 13. Nxd6+ Ke7 14. Nxb7 Rab8 15. Nc5 (15. Bb5 $2
Bxf3 16. gxf3 Rxb7 17. Bxc6 Rc7 $15) 15... Rhd8 (15... Bxf3 $5 16. gxf3 Rhd8)
16. Nd2 $1 Rd5 17. Nce4 Nxe4 (17... Rbd8 18. f3 Nxe4 19. Nxe4 Bf5 20. Bc4 Bxe4
21. fxe4 R5d6 22. Rf1 $1 f6 23. Rf2 {/\Bd5 +/-/+- _|_}) 18. Nxe4 Bf5 $6 (18...
Rbd8 $142 19. f3 Bf5 20. Bc4 {--> previous line}) 19. Nd2 Rbd8 20. O-O-O e4 (
20... Ra5 21. a4 (21. Kb2 Rad5) 21... Rad5 22. Bc4 $18 {_|_}) 21. Be2 Ne5 22.
Nc4 Nd3+ 23. Bxd3 exd3 24. Rhe1+ Kf6 25. Nd2 $1 g5 26. Kb2 h5 27. Re3 h4 28. c4
Rd4 29. Kc3 $18 {_|_} Rf4 30. f3 Rfd4 (30... g4 31. g3 hxg3 32. hxg3 Rfd4 33.
Rf1) 31. Ne4+ Bxe4 32. Rxe4 Rxe4 (32... R4d7 33. Rd2 Kf5 34. Re3 $18) 33. fxe4
Ke5 34. Rxd3 Rh8 35. Rf3 f6 36. Rf5+ Kxe4 (36... Ke6 37. h3) 37. Rxf6 h3 38.
Rf2 $1 g4 39. gxh3 Rxh3+ 40. Kb4 1-0

[Event "Hoogovens op"]
[Site "Wijk aan Zee"]
[Date "1993.01.??"]
[Round "4"]
[White "Schmittdiel, Eckhard"]
[Black "De Boer, Gert Jan"]
[Result "1-0"]
[WhiteElo "2450"]
[BlackElo "2430"]
[Annotator "Blatny,P"]
[PlyCount "77"]
[EventDate "1993.01.??"]
[EventType "swiss"]
[EventRounds "12"]
[EventCountry "NED"]
[SourceTitle "CBM 034"]
[Source "ChessBase"]
[SourceDate "1993.06.01"]
[SourceVersion "1"]
[SourceVersionDate "1993.06.01"]
[SourceQuality "1"]

1. e4 c5 2. c3 d5 3. exd5 Qxd5 4. d4 Nf6 5. Nf3 e6 6. Na3 Qd8 7. Bg5 $5 (7. Bf4
{--> Alapin disk}) 7... Nc6 (7... cxd4 8. Nxd4 Bxa3 9. Qa4+ $1 {/\Qxa3 +/=/+/-
/^a3-f8,^^}) 8. Nc2 Be7 9. dxc5 Bxc5 10. Qxd8+ Kxd8 11. b4 Bd6 12. Rd1 (12.
O-O-O $5 {/\Kb2}) 12... Ke7 13. Be2 Bd7 14. O-O Rac8 15. Rd3 Ne5 (15... Rhd8
16. Rfd1 Bb8 $14) 16. Nxe5 Bxe5 17. c4 Rhd8 18. Ra3 Bb8 19. Be3 b6 $6 {><c6} (
19... a6 $142 20. Rc1 $14 (20. Bb6 Bc7 $10)) 20. Rc1 Bc6 (20... e5 $5 {/\Be6<=>
}) 21. Nd4 Nd7 (21... Be4 $142 22. f3 (22. b5 e5) (22. Bf3 $6 e5) 22... Bb7 $13
) 22. b5 $1 Bb7 23. Bf3 Bxf3 24. gxf3 $1 $16 {><c6} Ne5 (24... Re8 25. Nc6+ Kf8
26. Nxa7 Bxa7 27. Rxa7 $18 {_|_}) 25. f4 Rxc4 (25... Nxc4 26. Rac3 (26. Nc6+ $4
Rxc6 27. bxc6 Nxa3 28. c7 Bxc7 29. Rxc7+ Rd7 $19) 26... Nd6 27. Rxc8 (27. Nc6+
$6 Rxc6 28. bxc6 Bc7 $8 {+/-/+/= _|_}) 27... Rxc8 28. Rxc8 Nxc8 29. Nc6+ $18)
26. Nc6+ $1 (26. fxe5 $2 Rxc1+ 27. Bxc1 Rxd4 $19 {_|_}) 26... Nxc6 27. Rxc4 Na5
28. Rd4 Rxd4 (28... Rc8 29. Rad3 Rc7 30. Rd8 Rb7 31. Rh8 $18) 29. Bxd4 f6 (
29... Bxf4 30. Bxg7 {/\Rh3+- _|_}) 30. Bc3 Nc4 31. Bb4+ Kd7 32. Rd3+ Ke8 (32...
Nd6 $5) 33. Rc3 $18 {_|_} Nd6 34. Bxd6 Bxd6 35. Rc8+ Kd7 36. Rg8 Bxf4 37. Rxg7+
Kd6 38. Rxh7 Kc5 39. a4 1-0

[Event "Belgrade GMA op"]
[Site "Belgrade"]
[Date "1988.??.??"]
[Round "?"]
[White "Samovojska, Damir"]
[Black "Mednis, Edmar John"]
[Result "1/2-1/2"]
[WhiteElo "2365"]
[BlackElo "2435"]
[Annotator "Blatny,P"]
[PlyCount "47"]
[EventDate "1988.12.??"]
[EventType "swiss"]
[EventRounds "9"]
[EventCountry "YUG"]
[SourceTitle "TD"]
[Source "ChessBase"]
[SourceDate "1994.03.01"]
[SourceVersion "1"]
[SourceVersionDate "1994.03.01"]
[SourceQuality "1"]

1. e4 c5 2. Nf3 Nc6 3. c3 Nf6 4. e5 Nd5 5. d4 cxd4 6. Bc4 Nb6 7. Bb3 d5 8. exd6
Qxd6 9. O-O Bf5 10. Nxd4 Nxd4 11. cxd4 e6 12. Nc3 Be7 13. Qf3 O-O 14. Qxb7 (14.
d5 $1 $16) 14... Rfb8 15. Qf3 Qxd4 16. Bf4 Rc8 17. Rad1 Qb4 18. Ne2 Qe4 19.
Qxe4 Bxe4 20. Nc3 Bg6 21. Nb5 Bc2 22. Bxc2 Rxc2 23. Rd2 Rxd2 24. Bxd2 1/2-1/2

[Event "Pardubice"]
[Site "Pardubice"]
[Date "1993.??.??"]
[Round "1"]
[White "Blatny, Pavel"]
[Black "Stohl, Igor"]
[Result "1/2-1/2"]
[WhiteElo "2510"]
[BlackElo "2545"]
[Annotator "Blatny,P"]
[PlyCount "87"]
[EventDate "1993.07.??"]
[EventType "tourn"]
[EventRounds "9"]
[EventCountry "CZE"]
[EventCategory "14"]
[SourceTitle "CBM 037"]
[Source "ChessBase"]
[SourceDate "1993.12.01"]
[SourceVersion "1"]
[SourceVersionDate "1993.12.01"]
[SourceQuality "1"]

1. e4 c5 2. c3 Nf6 3. e5 Nd5 4. d4 cxd4 5. Nf3 Nc6 6. Bc4 (6. cxd4 d6 7. Bc4
Nb6 8. Bb5 dxe5 9. Nxe5 Bd7 10. Bxc6 Bxc6 11. Nxc6 bxc6 12. O-O g6 13. Re1 Bg7
14. Bg5 O-O 15. Bxe7 Qxd4 16. Qxd4 Bxd4 17. Nd2 Rfe8 18. Ba3 c5 $10 {
Dolmatov-Alterman/Pardubice/1993/}) 6... Nb6 (6... e6 7. cxd4 d6 8. O-O Be7 9.
Qe2 Qc7 10. Qe4 dxe5 11. dxe5 Bd7 12. Bd2 O-O $5 13. Bxd5 $6 (13. Bd3 $5 f5 14.
exf6 Nxf6 15. Qe2 $13) 13... exd5 14. Qxd5 Bf5 15. Qc4 Rad8 16. Re1 Qb6 17. Bc3
Rfe8 18. Qf4 Be6 19. a3 Bc5 $44 {Sermek-Kozul/Ljublana Portoroz/1993/}) 7. Bb3
d5 8. exd6 Qxd6 9. O-O Be6 10. Bxe6 Qxe6 11. Nxd4 Nxd4 12. Qxd4 Rd8 13. Qb4 $5
Qc6 (13... Qe2 $6 14. Qb3 $1 {/\Be3,a4+/=} (14. Be3 Rd1 15. Nd2 Rxd2 16. Rfe1
Qd3 17. Bxd2 Qxd2 18. Rad1 $13)) 14. a4 a6 15. Qb3 e6 (15... Nc4 16. Qc2 {
/\b3+/=}) 16. Nd2 Be7 17. Nf3 O-O 18. Re1 Nc4 19. Qc2 $1 h6 20. b3 Na5 21. Be3
Bf6 22. Rac1 Qc7 $1 23. c4 $6 (23. Bd4 $142 Bxd4 24. Nxd4 {+/=/=}) 23... Nc6
24. Red1 Rxd1+ 25. Rxd1 Rd8 $10 26. Rxd8+ Qxd8 27. Kf1 Qd6 28. Ke2 Qa3 29. Bd2
a5 (29... Nb4 $5) 30. Qb1 Kf8 31. Bc1 Qc5 32. Be3 Qa3 33. Bc1 Qc5 34. Qd3 Ke8
35. Be3 Qa3 36. c5 $5 Qb4 (36... Qb2+ $6 37. Bd2 {/\Qb5|^}) 37. Qb5 Kd8 38.
Qxb4 Nxb4 39. Bd2 Be7 40. Ne5 (40. Bxb4 axb4 41. Ne5 (41. c6 $6 b6 $1 42. Ne5
f6 43. Nd3 Bd6 $17) 41... f6 42. Nd3 e5 $15 {B>N}) 40... f6 41. Nc4 Bxc5 42.
Nxa5 Kc7 43. f3 $10 h5 44. Nc4 1/2-1/2

[Event "Mitropa Cup 16th"]
[Site "Buekfuerdo"]
[Date "1995.??.??"]
[Round "6"]
[White "Godena, Michele"]
[Black "Mrva, Martin"]
[Result "1-0"]
[WhiteElo "2430"]
[BlackElo "2400"]
[Annotator "Blatny,P"]
[PlyCount "71"]
[EventDate "1995.02.27"]
[EventType "team-tourn"]
[EventRounds "9"]
[EventCountry "HUN"]
[SourceTitle "CBM 046 Extra"]
[Source "ChessBase"]
[SourceDate "1995.07.01"]
[SourceVersion "1"]
[SourceVersionDate "1995.07.01"]
[SourceQuality "1"]

1. e4 c5 2. c3 d6 3. d4 Nf6 4. Bd3 Nbd7 5. Nf3 e6 (5... g6 6. O-O Bg7 7. h3
cxd4 8. cxd4 O-O $14 {-> ChessBase: Alapin diskette}) 6. O-O Be7 (6... b6 {
/\Bb7,Qc7,0-0-0}) 7. e5 Nd5 (7... dxe5 8. dxe5 Nd5 9. Be4 {פd5}) 8. Be4 (8.
exd6 Bxd6 9. Nbd2 cxd4 10. Ne4 $36) 8... cxd4 9. exd6 (9. cxd4 dxe5 10. dxe5
Nc5 {->[+]}) 9... Bxd6 10. Bxd5 (10. cxd4 N7f6 11. Bg5 Qb6 {קb2}) 10... exd5
11. Re1+ Be7 12. Qxd4 (12. Nxd4 Nc5 13. Bg5 f6 14. Bf4 $14) (12. cxd4 $10)
12... Nf6 13. Qe5 (13. Bg5 O-O 14. Nbd2 $14) 13... a5 {/\Ra6-e6} (13... Be6 14.
Nd4 {ץe6}) 14. Na3 Ra6 (14... Be6 15. Nb5 Rc8 16. Nfd4 {+/-/+-}) 15. Nb5 Kf8 (
15... Rc6 16. Nfd4 Rb6 {צb6,Ke8}) 16. Nfd4 h5 (16... Bc5 17. Bg5 Bxd4 18. Qxd4
$14) 17. Bg5 h4 18. Re2 Rh5 19. Rae1 Bd7 20. f4 $6 (20. Nc7 Rd6 21. Qf4 Rxg5
22. Qxg5 Ng8 23. Rxe7 Nxe7 24. Qxh4 Rh6 25. Qf4 $16) 20... Bc5 {/\Bb5-+} 21.
Nc7 (21. Kh1 $5) (21. Bxf6 Rxe5 22. Bxd8 Rxe2 23. Rxe2 Bxb5 $10) 21... Qc8 $2 (
21... Rxg5 $142 22. fxg5 Bd6 23. Qe3 Bxh2+ 24. Kh1 Bxc7 25. gxf6 Rxf6 $17) (
21... Rd6 22. Bxf6 Rxe5 23. Bxd8 Rxe2 24. Rxe2 $18) (21... Rb6 22. Bxf6 $18)
22. Nxa6 $18 bxa6 23. Kh1 h3 24. g3 Kg8 25. Nb3 Ba7 26. Nd4 Qb7 27. Qe7 Ne4 28.
Qd8+ $2 (28. g4 $1 $18) 28... Kh7 29. Qe7 f6 30. Rxe4 $2 (30. g4 $1 $18) 30...
dxe4 31. Re3 (31. Bxf6 $4 e3+ $19) 31... fxg5 $2 (31... Bxd4 $1 32. cxd4 fxg5 (
32... Qxb2 33. Qxe4+ $13) 33. g4 Rh4 34. Qxg5 Rh6 $19) 32. Ne6 Bxe6 33. Qxb7
Bxe3 34. Qxe4+ $18 Kh8 35. Qxe6 Rh6 36. Qxe3 1-0

[Event "Dortmund"]
[Site "Dortmund"]
[Date "1993.??.??"]
[Round "5"]
[White "Dolmatov, Sergey"]
[Black "Lautier, Joel"]
[Result "1-0"]
[WhiteElo "2615"]
[BlackElo "2645"]
[Annotator "Blatny,P"]
[PlyCount "67"]
[EventDate "1993.04.??"]
[EventType "tourn"]
[EventRounds "7"]
[EventCountry "GER"]
[EventCategory "16"]
[SourceTitle "CBM 035"]
[Source "ChessBase"]
[SourceDate "1993.08.01"]
[SourceVersion "1"]
[SourceVersionDate "1993.08.01"]
[SourceQuality "1"]

1. e4 {Konikowski} c5 2. c3 e6 3. Nf3 d5 4. exd5 exd5 (4... Qxd5 5. d4 Nf6 {
--> opening disk Alapin}) 5. d4 c4 (5... Nc6 {--> French structure 3.Nd2}) 6.
b3 {/\Bd3 /^d3-h7,/^d3-a6} cxb3 7. axb3 Bd6 8. Bd3 (8. Be2 {Konikowski} Ne7 9.
O-O O-O 10. Be3 Re8 11. Qd2 Bf5 12. Re1 Nbc6 13. Bf4 Ng6 14. Bxd6 Qxd6 $13 {
Sikora-Zeshkowsky,Moscow 1977}) 8... Ne7 (8... Nf6 9. O-O O-O 10. Re1 Bg4 11.
h3 $14) 9. O-O Bg4 (9... O-O 10. Qc2 h6 11. Re1 $14 {><e5}) (9... Nbc6 {
Konikowski} 10. Be3 O-O 11. Nh4 (11. Nbd2 Nf5 12. Bg5 f6 13. Bh4 Qe8 14. Qc2
Qh5 15. Bg3 Nxg3 16. fxg3 Bd7 $13 {Makarichev-Balashov,Lvov 1973}) 11... Ng6
12. Nf5 Bxf5 13. Bxf5 Qc7 14. Qh5 {^^ Przewoznik-Vogt,Naleczow 1979}) 10. Re1
Nbc6 (10... Qc7 {Konikowski} 11. h3 Bh5 12. Na3 Qxc3 13. Nb5 Qxa1 14. Nxd6+ Kf8
(14... Kd7 15. Rxe7+ $1 Kxd6 16. Qe1 Qxc1 17. Qxc1 Kxe7 18. Qg5+ $18) 15. Rxe7
$1 Nc6 (15... Kxe7 16. Bg5+ Kxd6 17. Qxa1 Nc6 18. Qa3+ Kc7 19. Bf4+ Kd7 20.
Qd6+ Ke8 21. Bb5 $18) 16. Rxb7 Nxd4 17. g4 Nxf3+ 18. Qxf3 Qxc1+ 19. Kg2 Kg8 20.
Qxd5 Rd8 21. Rd7 Rf8 22. gxh5 Qf4 23. Nxf7 $18) 11. Nbd2 Qd7 (11... O-O $4 12.
Bxh7+ Kxh7 13. Ng5+ Kg8 14. Qxg4 $18) 12. Qc2 (12. h3 Bh5 {/\Bg6,0-0 /^c2-h7})
12... Rc8 {/\Nb4} 13. Qb1 h6 14. b4 (14. h3 Be6 (14... Bxh3 $4 15. gxh3 Qxh3
16. Bf5 $1 $18) (14... Bh5 $4 15. Bf5 $18) 15. b4 $40) 14... b6 (14... O-O 15.
b5 Nd8 {קc3} 16. Rxa7 (16. Qb3 $5) 16... Rxc3 17. Ne5 $36) (14... a6 $142 {
Konikowski}) 15. b5 Na5 (15... Nd8 $5) 16. Ne5 Bxe5 17. Rxe5 O-O (17... Rxc3
$142 18. Ba3 Be6 $8 19. Bb4 (19. f4 $6 Nc4 $1 $132) 19... Rc7 20. Bxa5 bxa5 21.
Rxa5 O-O $14) (17... Rxc3 $5 {Konikowski}) 18. Ba3 (18. h3 Be6 {קc3}) 18...
Rfe8 19. Bb4 Nc4 $8 20. Nxc4 dxc4 21. Bh7+ Kh8 22. Be4 $16 {^^} f6 (22... Rcd8
{/\Be6,Nd5} 23. Qa2 {><a7,c4} f6 24. Rxe7 Rxe7 25. Bxe7 Qxe7 26. Bc6 $18 {_|_})
(22... Be6 {Konikowski} 23. Bxe7 Qxe7 (23... Rxe7 24. Bc6 Qd6 25. Qb4 Qxb4 26.
cxb4 Rcc7 27. d5 Bg4 28. f4 f6 29. Rxe7 Rxe7 30. h3 Bf5 31. d6 Rf7 32. g4 Bd3
33. Be8 Rb7 34. d7 Rb8 35. Rxa7 c3 36. Rc7 c2 37. Rc8 Kh7 38. d8=Q $18) 24. Bc6
Red8 25. Qe4 Rc7 26. d5 Qd6 27. dxe6 $18) 23. Rxe7 Rxe7 24. Bc6 $1 (24. Bxe7
Qxe7 $16) 24... Qe6 25. Bxe7 Qxe7 26. Qe1 $1 Qf7 (26... Qxe1+ 27. Rxe1 a5 $2
28. bxa6 Rxc6 (28... Rc7 29. Bb7 $18) 29. Re8+ Kh7 30. a7 $18) 27. d5 Bf5 28.
Qe2 {<->e} Bd3 29. Qe6 $18 Rf8 (29... Qxe6 30. dxe6 Rc7 31. Bd7 (31. Re1 $2 Re7
32. Bd7 Kg8 33. Ra1 Bf5) 31... Bf5 32. Rd1 $1 Kg8 33. e7 Bxd7 34. Rxd7 $18) 30.
Qxf7 Rxf7 31. d6 Bf5 32. Re1 Kh7 33. Re7 Rf8 34. Be8 {/\d6-d7-d8Q} 1-0